La France Pittoresque. Ouvrage illustré de 370 gravures

Zapisane w:
Opis bibliograficzny
1. autor: Gourdault, J. (Autor)
Format: Książka
Język:francuski
Wydane: París Librairie Hachette et Cie. 1893
Wydanie:1a. ed
Hasła przedmiotowe:
Etykiety: Dodaj etykietę
Nie ma etykietki, Dołącz pierwszą etykiete!

MARC

LEADER 00000nam a2200000 a 4500
001 UCJ6355
003 CL-VaPUC
008 070124e18930000FR |||||||||||||||||fre|d
082 0 4 |a 910.4  |b GOU  |2 21 
100 0 |a Gourdault, J.  |e author  |9 512917 
245 1 3 |a La France Pittoresque. Ouvrage illustré de 370 gravures 
250 |a 1a. ed 
300 |a 478 p 
942 |c BK 
945 |d 20070124 00:00:00  |a rinostro 
260 |a París  |b Librairie Hachette et Cie.  |c 1893 
500 |a Ilustraciones (grabados) sin indizar 
650 0 |a Geografía  |9 259346 
650 0 |a Viajes  |9 257115 
650 0 |a Arqueología   |9 265619 
650 0 |a Arquitectura  |9 804558 
650 0 |a Paisajes  |9 344660 
650 7 |a CASTILLOS  |2 CL-VaPUC  |9 512919 
650 7 |a TEMPLOS  |2 CL-VaPUC  |9 266644 
650 0 |a Cultura  |9 269059 
650 7 |a ESCENAS CALLEJERAS  |2 CL-VaPUC  |9 512012 
651 0 |a Francia  |9 255157 
583 |a last modification  |c 20070124 00:00:00  |k Rodrigo Vera 
999 |c 322463  |d 322461 
952 |0 0  |1 0  |4 0  |6 910_400000000000000_GOU_1893  |7 0  |8 X  |9 401460  |a FDOBUD  |b FDOBUD  |d 2019-11-22  |i 1046993  |o 910.4 GOU 1893  |p 1046993  |r 2019-11-22  |w 2019-11-22  |y BK_X  |k BUD